| 000 | 00488cam a2200205ua 4500 | ||
|---|---|---|---|
| 001 | 10964 | ||
| 005 | 20260515114700.0 | ||
| 008 | 190704n ii |||gr||||Z||||||eng | ||
| 020 | _a9789388937030 | ||
| 040 | _cMAIN | ||
| 041 | _aeng | ||
| 082 | _a320.95416 | ||
| 100 |
_aDeepan Das, _eAuthor. |
||
| 245 |
_aPolitics of North East India _cBy Deepan Das |
||
| 250 | _a1st ed. | ||
| 260 |
_aNew Delhi: _bConcept, _c2019. |
||
| 300 | _a208p. | ||
| 653 | _aPolitical science | ||
| 942 | _cBK | ||
| 999 |
_c9877 _d9877 |
||